00357pab a2200121 454500008004000000100002100040245010000061260000900161300001300170362000800183650001000191773003400201180718b2001 xxu||||| |||| 00| 0 eng d aBsrown, Michelle aUnequal pay, unequal responses? pay reference and their implications for pay level satisfaction c2001 ap.879-96 aSep aWages aJournal of Management Studies